000
00308nam a2200121Ia 4500
008
190216s9999||||xx |||||||||||||| ||und||
100
_a
Harry F Davis & Arthur David Snider
245
0
_a
Vector Analysis
250
_a
SIXTH
260
_b
Universal Bookstall Newdelhi
_c
1992
300
_a
408
942
_c
BK
999
_c
31356
_d
31356